Accounting and financial reporting in japan

সংরক্ষণ করুন:
গ্রন্থ-পঞ্জীর বিবরন
প্রধান লেখক: Campbell, Leslie G.
বিন্যাস: গ্রন্থ
ভাষা:Undetermined
প্রকাশিত: New York Lafferty Publications Ltd 1985
বিষয়গুলি:
ট্যাগগুলো: ট্যাগ যুক্ত করুন
কোনো ট্যাগ নেই, প্রথমজন হিসাবে ট্যাগ করুন!
Thư viện lưu trữ: Trung tâm Học liệu Trường Đại học Cần Thơ
LEADER 00517nam a2200181Ia 4500
001 CTU_86444
008 210402s9999 xx 000 0 und d
082 |a 658.15932 
082 |b C193 
100 |a Campbell, Leslie G. 
245 0 |a Accounting and financial reporting in japan 
245 0 |c Leslie G. Campbell 
260 |a New York 
260 |b Lafferty Publications Ltd 
260 |c 1985 
650 |a Child welfare,Public welfare 
904 |i Năm 
980 |a Trung tâm Học liệu Trường Đại học Cần Thơ